<?xml version="1.0" encoding="UTF-8"?>
<collection xmlns="http://www.loc.gov/MARC21/slim">
 <record>
  <leader>03518cam a2200721   4500</leader>
  <controlfield tag="001">828811571</controlfield>
  <controlfield tag="003">DE-627</controlfield>
  <controlfield tag="005">20240219080830.0</controlfield>
  <controlfield tag="007">tu</controlfield>
  <controlfield tag="008">150703s2016    xxu|||||      00| ||eng c</controlfield>
  <datafield tag="020" ind1=" " ind2=" ">
   <subfield code="a">9780226354750</subfield>
   <subfield code="c"> : cloth</subfield>
   <subfield code="9">978-0-226-35475-0</subfield>
  </datafield>
  <datafield tag="024" ind1="7" ind2=" ">
   <subfield code="a">10.7208/chicago/9780226354897.001.0001</subfield>
   <subfield code="2">doi</subfield>
  </datafield>
  <datafield tag="035" ind1=" " ind2=" ">
   <subfield code="a">(DE-627)828811571</subfield>
  </datafield>
  <datafield tag="035" ind1=" " ind2=" ">
   <subfield code="a">(DE-576)485092026</subfield>
  </datafield>
  <datafield tag="035" ind1=" " ind2=" ">
   <subfield code="a">(DE-599)GBV828811571</subfield>
  </datafield>
  <datafield tag="035" ind1=" " ind2=" ">
   <subfield code="a">(OCoLC)1001565559</subfield>
  </datafield>
  <datafield tag="035" ind1=" " ind2=" ">
   <subfield code="a">(OCoLC)1001565559</subfield>
  </datafield>
  <datafield tag="035" ind1=" " ind2=" ">
   <subfield code="a">(OCoLC)992530488</subfield>
  </datafield>
  <datafield tag="040" ind1=" " ind2=" ">
   <subfield code="a">DE-627</subfield>
   <subfield code="b">ger</subfield>
   <subfield code="c">DE-627</subfield>
   <subfield code="e">rda</subfield>
  </datafield>
  <datafield tag="041" ind1=" " ind2=" ">
   <subfield code="a">eng</subfield>
  </datafield>
  <datafield tag="044" ind1=" " ind2=" ">
   <subfield code="c">XD-US</subfield>
   <subfield code="c">XA-GB</subfield>
  </datafield>
  <datafield tag="050" ind1=" " ind2="0">
   <subfield code="a">N6888.D8</subfield>
  </datafield>
  <datafield tag="082" ind1="0" ind2=" ">
   <subfield code="a">740.92</subfield>
   <subfield code="q">LOC</subfield>
   <subfield code="2">23</subfield>
  </datafield>
  <datafield tag="084" ind1=" " ind2=" ">
   <subfield code="a">KUNST</subfield>
   <subfield code="q">DE-16</subfield>
   <subfield code="2">fid</subfield>
  </datafield>
  <datafield tag="084" ind1=" " ind2=" ">
   <subfield code="a">LI 27510</subfield>
   <subfield code="q">BVB</subfield>
   <subfield code="2">rvk</subfield>
   <subfield code="0">(DE-625)rvk/95916:13288</subfield>
  </datafield>
  <datafield tag="084" ind1=" " ind2=" ">
   <subfield code="a">20.31</subfield>
   <subfield code="2">bkl</subfield>
  </datafield>
  <datafield tag="084" ind1=" " ind2=" ">
   <subfield code="a">77.63</subfield>
   <subfield code="2">bkl</subfield>
  </datafield>
  <datafield tag="084" ind1=" " ind2=" ">
   <subfield code="a">05.12</subfield>
   <subfield code="2">bkl</subfield>
  </datafield>
  <datafield tag="100" ind1="1" ind2=" ">
   <subfield code="a">Brisman, Shira</subfield>
   <subfield code="d">1979-</subfield>
   <subfield code="e">VerfasserIn</subfield>
   <subfield code="0">(DE-588)1024789764</subfield>
   <subfield code="0">(DE-627)720549914</subfield>
   <subfield code="0">(DE-576)369501969</subfield>
   <subfield code="4">aut</subfield>
  </datafield>
  <datafield tag="245" ind1="1" ind2="0">
   <subfield code="a">Albrecht Dürer &amp; the epistolary mode of address</subfield>
   <subfield code="c">Shira Brisman</subfield>
  </datafield>
  <datafield tag="246" ind1="3" ind2="3">
   <subfield code="a">Albrecht Dürer and the epistolary mode of address</subfield>
  </datafield>
  <datafield tag="264" ind1=" " ind2="1">
   <subfield code="a">Chicago</subfield>
   <subfield code="a">London</subfield>
   <subfield code="b">The University of Chicago Press</subfield>
   <subfield code="c">[2016]</subfield>
  </datafield>
  <datafield tag="300" ind1=" " ind2=" ">
   <subfield code="a">223 Seiten</subfield>
   <subfield code="b">Illustrationen</subfield>
   <subfield code="c">26 cm</subfield>
  </datafield>
  <datafield tag="336" ind1=" " ind2=" ">
   <subfield code="a">Text</subfield>
   <subfield code="b">txt</subfield>
   <subfield code="2">rdacontent</subfield>
  </datafield>
  <datafield tag="337" ind1=" " ind2=" ">
   <subfield code="a">ohne Hilfsmittel zu benutzen</subfield>
   <subfield code="b">n</subfield>
   <subfield code="2">rdamedia</subfield>
  </datafield>
  <datafield tag="338" ind1=" " ind2=" ">
   <subfield code="a">Band</subfield>
   <subfield code="b">nc</subfield>
   <subfield code="2">rdacarrier</subfield>
  </datafield>
  <datafield tag="500" ind1=" " ind2=" ">
   <subfield code="a">Includes bibliographical references and index</subfield>
  </datafield>
  <datafield tag="520" ind1=" " ind2=" ">
   <subfield code="a">Composing -- The body of a letter -- Sending -- The message in transit -- Relay and delay -- Receiving -- Privileged mediators -- Interception -- Dürer's open letter -- Conclusion</subfield>
  </datafield>
  <datafield tag="583" ind1="1" ind2=" ">
   <subfield code="a">Archivierung/Langzeitarchivierung gewährleistet</subfield>
   <subfield code="f">FID</subfield>
   <subfield code="2">pdager</subfield>
   <subfield code="5">DE-16</subfield>
  </datafield>
  <datafield tag="600" ind1="1" ind2="0">
   <subfield code="a">Dürer, Albrecht</subfield>
   <subfield code="d">1471-1528</subfield>
   <subfield code="x">Criticism and interpretation</subfield>
  </datafield>
  <datafield tag="600" ind1="1" ind2="0">
   <subfield code="a">Dürer, Albrecht</subfield>
   <subfield code="d">1471-1528</subfield>
   <subfield code="x">Correspondence</subfield>
  </datafield>
  <datafield tag="650" ind1=" " ind2="0">
   <subfield code="a">Communication and the arts</subfield>
   <subfield code="z">Germany</subfield>
   <subfield code="x">History</subfield>
   <subfield code="y">16th century</subfield>
  </datafield>
  <datafield tag="650" ind1=" " ind2="0">
   <subfield code="a">Communication in art</subfield>
   <subfield code="z">Germany</subfield>
   <subfield code="x">History</subfield>
   <subfield code="y">16th century</subfield>
  </datafield>
  <datafield tag="650" ind1=" " ind2="0">
   <subfield code="a">Visual communication</subfield>
   <subfield code="z">Germany</subfield>
   <subfield code="x">History</subfield>
   <subfield code="y">16th century</subfield>
  </datafield>
  <datafield tag="650" ind1=" " ind2="0">
   <subfield code="a">German letters</subfield>
   <subfield code="y">16th century</subfield>
   <subfield code="x">History and criticism</subfield>
  </datafield>
  <datafield tag="650" ind1=" " ind2="0">
   <subfield code="a">Written communication</subfield>
   <subfield code="z">Germany</subfield>
   <subfield code="x">History</subfield>
   <subfield code="y">16th century</subfield>
  </datafield>
  <datafield tag="689" ind1="0" ind2="0">
   <subfield code="d">p</subfield>
   <subfield code="0">(DE-588)11852786X</subfield>
   <subfield code="0">(DE-627)133817024</subfield>
   <subfield code="0">(DE-576)160794544</subfield>
   <subfield code="a">Dürer, Albrecht</subfield>
   <subfield code="d">1471-1528</subfield>
   <subfield code="2">gnd</subfield>
  </datafield>
  <datafield tag="689" ind1="0" ind2="1">
   <subfield code="d">s</subfield>
   <subfield code="0">(DE-588)4008240-4</subfield>
   <subfield code="0">(DE-627)104675365</subfield>
   <subfield code="0">(DE-576)208875212</subfield>
   <subfield code="a">Brief</subfield>
   <subfield code="2">gnd</subfield>
  </datafield>
  <datafield tag="689" ind1="0" ind2="2">
   <subfield code="d">s</subfield>
   <subfield code="0">(DE-588)4031883-7</subfield>
   <subfield code="0">(DE-627)10454869X</subfield>
   <subfield code="0">(DE-576)208994653</subfield>
   <subfield code="a">Kommunikation</subfield>
   <subfield code="2">gnd</subfield>
  </datafield>
  <datafield tag="689" ind1="0" ind2=" ">
   <subfield code="5">DE-101</subfield>
  </datafield>
  <datafield tag="700" ind1="1" ind2=" ">
   <subfield code="a">Dürer, Albrecht</subfield>
   <subfield code="d">1471-1528</subfield>
   <subfield code="e">IllustratorIn</subfield>
   <subfield code="0">(DE-588)11852786X</subfield>
   <subfield code="0">(DE-627)133817024</subfield>
   <subfield code="0">(DE-576)160794544</subfield>
   <subfield code="4">ill</subfield>
  </datafield>
  <datafield tag="776" ind1="1" ind2=" ">
   <subfield code="z">9780226354897</subfield>
   <subfield code="c">eBook</subfield>
  </datafield>
  <datafield tag="856" ind1="4" ind2="2">
   <subfield code="u">https://swbplus.bsz-bw.de/bsz485092026inh.htm</subfield>
   <subfield code="m">B:DE-576;DE-16</subfield>
   <subfield code="q">application/pdf</subfield>
   <subfield code="v">20170522120319</subfield>
   <subfield code="x">Verlag</subfield>
   <subfield code="3">Inhaltsverzeichnis</subfield>
  </datafield>
  <datafield tag="935" ind1=" " ind2=" ">
   <subfield code="i">Blocktest</subfield>
  </datafield>
  <datafield tag="936" ind1="r" ind2="v">
   <subfield code="a">LI 27510</subfield>
   <subfield code="b">Beziehungen zu anderen Personen, Nachwirken von Persönlichkeit und Werk</subfield>
   <subfield code="k">Kunstgeschichte</subfield>
   <subfield code="k">Künstler-Monografien</subfield>
   <subfield code="k">Alphabetische Künstlerliste</subfield>
   <subfield code="k">Künstler D</subfield>
   <subfield code="k">Dürer, Albrecht (bis 27510)</subfield>
   <subfield code="k">Beziehungen zu anderen Personen, Nachwirken von Persönlichkeit und Werk</subfield>
   <subfield code="0">(DE-627)1270900404</subfield>
   <subfield code="0">(DE-625)rvk/95916:13288</subfield>
   <subfield code="0">(DE-576)200900404</subfield>
  </datafield>
  <datafield tag="936" ind1="b" ind2="k">
   <subfield code="a">20.31</subfield>
   <subfield code="j">Bildende Künstler</subfield>
   <subfield code="0">(DE-627)181571080</subfield>
  </datafield>
  <datafield tag="936" ind1="b" ind2="k">
   <subfield code="a">77.63</subfield>
   <subfield code="j">Soziale Interaktion</subfield>
   <subfield code="j">soziale Beziehungen</subfield>
   <subfield code="0">(DE-627)106423460</subfield>
  </datafield>
  <datafield tag="936" ind1="b" ind2="k">
   <subfield code="a">05.12</subfield>
   <subfield code="j">Kommunikationsprozesse</subfield>
   <subfield code="0">(DE-627)106403702</subfield>
  </datafield>
  <datafield tag="951" ind1=" " ind2=" ">
   <subfield code="a">BO</subfield>
  </datafield>
  <datafield tag="990" ind1=" " ind2=" ">
   <subfield code="a">Dürer, Albrecht</subfield>
  </datafield>
  <datafield tag="990" ind1=" " ind2=" ">
   <subfield code="a">Brief</subfield>
  </datafield>
  <datafield tag="990" ind1=" " ind2=" ">
   <subfield code="a">Kommunikation</subfield>
  </datafield>
  <datafield tag="999" ind1=" " ind2=" ">
   <subfield code="a">KXP-PPN828811571</subfield>
   <subfield code="e">325432076X</subfield>
  </datafield>
 </record>
</collection>
